| 000 | 00556nam a2200241Ia 4500 | ||
|---|---|---|---|
| 005 | 20250425162727.0 | ||
| 008 | 250425s9999 xx 000 0 und d | ||
| 020 | _a9978432930 | ||
| 041 | _aspa | ||
| 043 | _aec | ||
| 082 | _a304.6 | ||
| 100 | _aMARANGONI, PAOLO | ||
| 245 | 0 | _aLA RUTA | |
| 250 | _a1A ED. | ||
| 260 |
_aEcuador _bCASA DE LA CULTURA ECUATORIANA _c2003 |
||
| 260 | _aGUAYAQUIL | ||
| 300 | _a544 | ||
| 650 | _aDEMOGRAFIA | ||
| 650 | _aEDUCACION SEXUAL | ||
| 650 | _aPLANIFICACION FAMILIAR | ||
| 942 | _c01 | ||
| 010 | _a103493 | ||
| 999 |
_c235223 _d235223 |
||